| 000 | 00441nam a22001697a 4500 | ||
|---|---|---|---|
| 020 | _a9788131806449 | ||
| 082 |
_a624.1834 _bPUN/RE |
||
| 100 |
_aPunmia,B.C. _9947 |
||
| 100 |
_aJain,Ashok Kumar _9504 |
||
| 100 |
_aJain,Arun Kumar _9505 |
||
| 245 | _aReinforced Concrete Structures- Volume -I | ||
| 250 | _a7 | ||
| 260 |
_aNew Delhi _bLaxmi Publications (P) Ltd _c2012 |
||
| 300 | _a1140 | ||
| 500 | _aContaining 28 Chapters | ||
| 942 | _cBK | ||
| 999 |
_c14346 _d14346 |
||